Witch-hunting in early modern Europe : general studies
Αποθηκεύτηκε σε:
| Άλλοι συγγραφείς: | |
|---|---|
| Μορφή: | Βιβλίο |
| Γλώσσα: | English |
| Δημοσίευση: |
New York; London :
Garland,
1992
|
| Σειρά: | Articles on witchcraft, magic and demonology ;
; 3 |
| Θέματα: | |
| Ετικέτες: |
Προσθήκη ετικέτας
Δεν υπάρχουν, Καταχωρήστε ετικέτα πρώτοι!
|
MARC
| LEADER | 00000nam a2200000 i 4500 | ||
|---|---|---|---|
| 001 | 1/5147 | ||
| 008 | 960517s1992 eng d | ||
| 020 | |a 0-8153-1025-0 | ||
| 035 | |l 10015903 | ||
| 040 | |a GR-MY-UA |b gre |e aacr | ||
| 041 | 0 | |a eng | |
| 082 | 0 | |a 133.409 | |
| 245 | 1 | 0 | |a Witch-hunting in early modern Europe : |b general studies / |c Edited with introductions by Brian P. Levack |
| 260 | |a New York; London : |b Garland, |c 1992 | ||
| 300 | |a 371 p. | ||
| 490 | 1 | |a Articles on witchcraft, magic and demonology |v ; 3 | |
| 500 | |a Reprint of works originally published 1960-1984. | ||
| 504 | |a Includes bibliographical references | ||
| 650 | 0 | 0 | |a Witchcraft |z Europe |x History. |
| 650 | 0 | 0 | |a Persecution |z Europe |x History. |
| 700 | 1 | |a Levack, Brian P. |4 edt | |
| 830 | 0 | |a Articles on witchcraft, magic and demonology ; |v ; 3 | |
| 852 | |a INST |b LESVOS |e 19960517 |h 133.409 WIT |p 005100010244 |q 005100010244 |t BK |y 0 | ||
| 909 | |a Λ |b 044047 | ||